[Event "Interclubs Adultes"]
[Site "LYON OE"]
[Date "2008.02.09"]
[Round "6.4"]
[White "Luminais, Eric"]
[Black "Monsieux, Cyril"]
[Result "1-0"]
[WhiteElo "2233"]
[BlackElo "2338"]
[PlyCount "67"]
[EventDate "2008.02.09"]
[WhiteTeam "C.E.I. Toulouse"]
[BlackTeam "Belfort"]

1. e4 g6 2. d4 Bg7 3. g3 d5 4. e5 f6 5. Bg2 c6 6. f4 Nh6 7. Nf3 Be6 8. c3 Qd7
9. Qe2 Na6 10. Be3 Bh3 11. Bxh3 Qxh3 12. Nbd2 Nf7 13. O-O-O Qe6 14. Rhg1 O-O-O
15. g4 fxe5 16. dxe5 c5 17. Qb5 Qb6 18. a4 g5 19. fxg5 Nxe5 20. Nxe5 Bxe5 21.
Qxb6 axb6 22. Nf3 Bg7 23. Rgf1 Rhf8 24. Nh4 e6 25. g6 hxg6 26. Nxg6 Rxf1 27.
Rxf1 Nc7 28. Bg5 Rd7 29. Nf8 Rd6 30. Rf7 Bxf8 31. Rxf8+ Kd7 32. Bf4 Rc6 33.
Rf7+ Kd8 34. Be5 1-0

[Event "Interclubs Adultes"]
[Site "LYON OE"]
[Date "2008.02.09"]
[Round "6.5"]
[White "Touze, Jean-Paul"]
[Black "Rasch, Holger"]
[Result "0-1"]
[WhiteElo "2075"]
[BlackElo "2263"]
[PlyCount "92"]
[EventDate "2008.02.09"]
[WhiteTeam "Belfort"]
[BlackTeam "C.E.I. Toulouse"]

1. e4 c5 2. c4 Nc6 3. Nf3 e5 4. Nc3 d6 5. d3 g6 6. a3 Bg7 7. Rb1 Nge7 8. b4 O-O
9. Nd5 h6 10. bxc5 dxc5 11. Be2 f5 12. h3 Rb8 13. Bd2 g5 14. Rb5 Qd6 15. Qa4
Bd7 16. Qb3 b6 17. Qb1 Nxd5 18. cxd5 Nd4 19. Rb2 b5 20. Bd1 Qf6 21. Ba5 Rfc8
22. Nxd4 exd4 23. f3 Qa6 24. Bd2 Be5 25. O-O c4 26. Bb4 c3 27. Re2 f4 28. Qb3
Kf7 29. Bc2 Qb6 30. Qa2 a5 31. d6+ Kf6 32. a4 axb4 33. a5 Qxd6 34. a6 Ra8 35.
Ra1 Be6 36. Qb1 Ra7 37. Bb3 Rca8 38. Bxe6 Kxe6 39. Qb3+ Kf6 40. Rea2 Rxa6 41.
Rxa6 Rxa6 42. Rxa6 Qxa6 43. Qxb4 Qc8 44. Qxb5 c2 45. Qb6+ Kg7 46. Qa7+ Qc7 0-1

[Event "Interclubs Adultes"]
[Site "LYON OE"]
[Date "2008.02.09"]
[Round "6.6"]
[White "Benmesbah, Natacha"]
[Black "Monsieux, Sebastien"]
[Result "1-0"]
[WhiteElo "2211"]
[BlackElo "2106"]
[PlyCount "69"]
[EventDate "2008.02.09"]
[WhiteTeam "C.E.I. Toulouse"]
[BlackTeam "Belfort"]

1. e4 g6 2. d4 Bg7 3. Nf3 c6 4. Nc3 d6 5. h3 Nf6 6. Bf4 O-O 7. Bd3 Nbd7 8. O-O
Re8 9. e5 Nh5 10. Bh2 dxe5 11. dxe5 Bh6 12. Ne4 Nb6 13. Neg5 Ng7 14. Qe2 Ne6
15. Nxe6 Bxe6 16. Rad1 Qc8 17. Nd4 Rd8 18. Nxe6 Qxe6 19. f4 Qxa2 20. f5 e6 21.
b3 Qa3 22. fxe6 fxe6 23. Qg4 Qe7 24. Rf6 Nd5 25. Qxe6+ Qxe6 26. Rxe6 Kf7 27.
Rd6 Rxd6 28. exd6 Ke6 29. Bc4 Bf8 30. Be2 h5 31. c4 Nc3 32. Re1 Nxe2+ 33. Rxe2+
Kd7 34. Rf2 Bxd6 35. Rd2 1-0

[Event "Interclubs Adultes"]
[Site "LYON OE"]
[Date "2008.02.09"]
[Round "6.7"]
[White "Tachikart, Yassin"]
[Black "Pasquier, Thomas"]
[Result "0-1"]
[WhiteElo "2098"]
[BlackElo "2235"]
[PlyCount "74"]
[EventDate "2008.02.09"]
[WhiteTeam "Belfort"]
[BlackTeam "C.E.I. Toulouse"]

1. d4 Nf6 2. c4 e6 3. Nc3 c5 4. d5 exd5 5. cxd5 Bd6 6. e4 O-O 7. Bd3 Bc7 8. Nf3
d6 9. h3 Re8 10. O-O Nbd7 11. Bg5 a6 12. a4 Nf8 13. Nd2 Ng6 14. Nc4 h6 15. Be3
Bd7 16. a5 Bb5 17. Nxb5 axb5 18. Nb6 Bxb6 19. axb6 Rxa1 20. Qxa1 Qxb6 21. b4
Ne5 22. Bc2 Nc4 23. Bxh6 cxb4 24. Re1 Qa5 25. Qxa5 Nxa5 26. Bd2 b3 27. Bd3 Nc4
28. Bc3 Nd7 29. Bd4 Nc5 30. Bxc5 dxc5 31. f4 Nd6 32. e5 c4 33. Be2 Nf5 34. Rb1
c3 35. Bd3 c2 36. Rf1 Rc8 37. Kf2 b2 0-1

[Event "Interclubs Adultes"]
[Site "LYON OE"]
[Date "2008.02.09"]
[Round "6.8"]
[White "Planell, Eric"]
[Black "Cechetto, Lea"]
[Result "1-0"]
[WhiteElo "2177"]
[BlackElo "1732"]
[PlyCount "35"]
[EventDate "2008.02.09"]
[WhiteTeam "C.E.I. Toulouse"]
[BlackTeam "Belfort"]

1. c4 e5 2. Nc3 Nf6 3. Nf3 Nc6 4. g3 Be7 5. Bg2 O-O 6. O-O d6 7. d4 exd4 8.
Nxd4 Ne5 9. b3 Bd7 10. Bxb7 Rb8 11. Bg2 Qc8 12. f4 Neg4 13. h3 Nh6 14. g4 Ne8
15. f5 Bf6 16. Bxh6 gxh6 17. Nd5 Be5 18. Ne7+ 1-0

[Event "Interclubs Adultes"]
[Site "LYON OE"]
[Date "2008.02.09"]
[Round "6.1"]
[White "Miltner, Arndt"]
[Black "Cornette, Matthieu"]
[Result "0-1"]
[WhiteElo "2363"]
[BlackElo "2491"]
[PlyCount "76"]
[EventDate "2008.02.09"]
[WhiteTeam "Gambsheim"]
[BlackTeam "Cannes II"]

1. Nf3 Nf6 2. e3 d6 3. d4 Nbd7 4. c4 e5 5. Nc3 g6 6. b4 Bg7 7. Bb2 O-O 8. b5
Re8 9. Be2 e4 10. Nd2 c5 11. bxc6 bxc6 12. O-O Nf8 13. Rb1 h5 14. Qa4 Bd7 15.
Qa6 Qc7 16. Ba3 Bc8 17. Qa4 N8h7 18. Rfd1 h4 19. h3 Ng5 20. d5 Bd7 21. dxc6
Bxc6 22. Nb5 Qd7 23. Qa6 Rad8 24. Nxd6 Re5 25. Kh2 Qc7 26. Nb3 Rf5 27. Kg1
Nxh3+ 28. gxh3 Rg5+ 29. Kf1 Bd7 30. Bb4 Bxh3+ 31. Ke1 Ne8 32. c5 Nxd6 33. Rxd6
Rg1+ 34. Kd2 Rxb1 35. Bc3 Bc8 36. Rxd8+ Qxd8+ 37. Qd6 Qxd6+ 38. cxd6 h3 0-1

[Event "Interclubs Adultes"]
[Site "LYON OE"]
[Date "2008.02.09"]
[Round "6.2"]
[White "Sanchez, Joseph"]
[Black "Vatter, Hans-Joachim"]
[Result "1/2-1/2"]
[WhiteElo "2492"]
[BlackElo "2323"]
[PlyCount "115"]
[EventDate "2008.02.09"]
[WhiteTeam "Cannes II"]
[BlackTeam "Gambsheim"]

1. e4 d5 2. exd5 Qxd5 3. Nc3 Qd6 4. d4 Nf6 5. Nf3 c6 6. Bc4 Bg4 7. Be3 e6 8. h3
Bxf3 9. Qxf3 Nbd7 10. O-O-O Qc7 11. Rhe1 O-O-O 12. Ne4 Nxe4 13. Qxe4 Nf6 14.
Qf3 Nd5 15. Bd2 Kb8 16. Kb1 Ka8 17. Bb3 b5 18. c3 Bd6 19. Rc1 Rd7 20. c4 bxc4
21. Rxc4 Rc8 22. Rec1 Qb6 23. Qd3 h6 24. Ra4 Qb7 25. Bc4 Rb8 26. Qc2 c5 27. Ra5
cxd4 28. Rb5 Nb6 29. Be2 Qxg2 30. Rxb6 Rxb6 31. Qc8+ Bb8 32. Qxd7 Qe4+ 33. Rc2
Qxe2 34. Qxd4 Qe5 35. Be3 Rd6 36. Qa4 Rd5 37. a3 f5 38. Qc4 Rd1+ 39. Ka2 Qd5
40. Qxd5+ Rxd5 41. Rc6 e5 42. b4 Rd6 43. Rc8 Rd7 44. Kb3 Kb7 45. Re8 g5 46. Kc4
a6 47. Re6 f4 48. Bc5 Ba7 49. Rxh6 Bxc5 50. Kxc5 Rc7+ 51. Kd5 Rc2 52. Kxe5 Rxf2
53. Rg6 Rf3 54. Rxg5 Rxh3 55. Kxf4 Rxa3 56. Ke4 Ra4 57. Kd4 Rxb4+ 58. Kc3
1/2-1/2

[Event "Interclubs Adultes"]
[Site "LYON OE"]
[Date "2008.02.09"]
[Round "6.3"]
[White "Syska, Albert"]
[Black "Govciyan, Pavel"]
[Result "0-1"]
[WhiteElo "2252"]
[BlackElo "2394"]
[PlyCount "62"]
[EventDate "2008.02.09"]
[WhiteTeam "Gambsheim"]
[BlackTeam "Cannes II"]

1. e4 e5 2. f4 exf4 3. Nf3 h6 4. b3 d6 5. Bb2 Nc6 6. Bb5 Bd7 7. O-O Nf6 8. Bxc6
Bxc6 9. Nd4 Bxe4 10. Qe2 Be7 11. Nc3 Bg6 12. Rae1 Qd7 13. Rxf4 Kd8 14. Qf3 c6
15. Nf5 Bxf5 16. Rxf5 Re8 17. Ne2 d5 18. Ng3 Kc7 19. Rfe5 Bc5+ 20. d4 Bd6 21.
Nf5 Bxe5 22. dxe5 Ne4 23. c4 Ng5 24. Qf1 dxc4 25. Rd1 Qe6 26. Rd6 Qc8 27. Nxg7
Rg8 28. Qf6 Qg4 29. Qe7+ Kb6 30. Bd4+ Ka6 31. Rd5 Nh3+ 0-1

[Event "Interclubs Adultes"]
[Site "LYON OE"]
[Date "2008.02.09"]
[Round "6.4"]
[White "Levacic, Damir"]
[Black "Mohebbi, Jaffar"]
[Result "1-0"]
[WhiteElo "2267"]
[BlackElo "2257"]
[PlyCount "91"]
[EventDate "2008.02.09"]
[WhiteTeam "Cannes II"]
[BlackTeam "Gambsheim"]

1. d4 Nf6 2. Nf3 e6 3. c4 b6 4. g3 Ba6 5. Qc2 c5 6. d5 exd5 7. cxd5 g6 8. Bg2
Bg7 9. O-O O-O 10. Rd1 Re8 11. Nc3 b5 12. a4 b4 13. Nb5 d6 14. Bf4 Nh5 15. Bg5
Qb6 16. Nd2 Bxb5 17. axb5 Qxb5 18. Nc4 Nd7 19. Bf3 Ne5 20. Nxd6 Nxf3+ 21. exf3
Re2 22. Rd2 Rxd2 23. Qxd2 Qd7 24. Ne4 Bd4 25. Rc1 Rc8 26. Be3 Bxe3 27. fxe3 c4
28. Qd4 c3 29. bxc3 bxc3 30. g4 f5 31. Nc5 Qd6 32. Rxc3 fxg4 33. fxg4 Ng3 34.
Rc2 Ne2+ 35. Rxe2 Rxc5 36. Rd2 a5 37. Kg2 g5 38. e4 Rb5 39. e5 Qd7 40. e6 Qd6
41. Qe4 Rb4 42. Qf5 Qe7 43. h3 Rb5 44. d6 Qb7+ 45. Qf3 Rb2 46. Qxb7 1-0

[Event "Interclubs Adultes"]
[Site "LYON OE"]
[Date "2008.02.09"]
[Round "6.5"]
[White "Becht, Lucas"]
[Black "Marino, Olivier"]
[Result "1-0"]
[WhiteElo "2205"]
[BlackElo "2118"]
[PlyCount "81"]
[EventDate "2008.02.09"]
[WhiteTeam "Gambsheim"]
[BlackTeam "Cannes II"]

1. e4 c6 2. d4 d5 3. e5 Bf5 4. Be3 e6 5. Nd2 Nd7 6. Ngf3 Ne7 7. Be2 Bg6 8. O-O
Nf5 9. c4 Nxe3 10. fxe3 dxc4 11. Nxc4 Nb6 12. Qb3 Be7 13. a4 Nxc4 14. Bxc4 Qb6
15. Qc3 a5 16. Kh1 Bb4 17. Qb3 Qd8 18. Ne1 Rb8 19. Nd3 b5 20. Bxe6 fxe6 21.
Nxb4 axb4 22. Qxe6+ Qe7 23. Qxc6+ Qd7 24. axb5 Bd3 25. Ra8 Qxc6 26. Rxb8+ Ke7
27. bxc6 Rxb8 28. Rd1 Bc2 29. Rd2 Ra8 30. Kg1 Ba4 31. d5 Rd8 32. Rd4 Bb5 33. g3
b3 34. c7 Rc8 35. Rb4 Ba6 36. d6+ Kd7 37. Rxb3 Bc4 38. Rb8 Be6 39. b4 Kc6 40.
b5+ Kd5 41. b6 1-0

[Event "Interclubs Adultes"]
[Site "LYON OE"]
[Date "2008.02.09"]
[Round "6.6"]
[White "Ludwig, Remi"]
[Black "Marzolf, Bruno"]
[Result "0-1"]
[WhiteElo "2092"]
[BlackElo "2235"]
[PlyCount "76"]
[EventDate "2008.02.09"]
[WhiteTeam "Cannes II"]
[BlackTeam "Gambsheim"]

1. d4 d5 2. c4 e6 3. Nc3 Be7 4. Nf3 Nf6 5. Bg5 h6 6. Bh4 O-O 7. e3 b6 8. cxd5
Nxd5 9. Bxe7 Qxe7 10. Nxd5 exd5 11. Bd3 Be6 12. O-O Nd7 13. Rc1 c5 14. dxc5
bxc5 15. b3 Nf6 16. h3 Rfc8 17. Qe2 a5 18. Bb5 Qb7 19. Rfd1 Ne4 20. Rc2 Nd6 21.
Ba4 Bf5 22. Rcc1 Ne4 23. Bb5 Nf6 24. Ne5 Qe7 25. Qb2 Rc7 26. Rd2 Qe6 27. Nd3
Rac8 28. Nf4 Qb6 29. a4 Be4 30. f3 c4 31. Rd4 g5 32. fxe4 gxf4 33. bxc4 Rxc4
34. Rcxc4 Rxc4 35. exd5 fxe3 36. Rxc4 e2+ 37. Kh2 e1=Q 38. Rc8+ Kg7 0-1

[Event "Interclubs Adultes"]
[Site "LYON OE"]
[Date "2008.02.09"]
[Round "6.7"]
[White "Engelmann, Herve"]
[Black "Zermiche, Cherif"]
[Result "0-1"]
[WhiteElo "2067"]
[BlackElo "2159"]
[PlyCount "66"]
[EventDate "2008.02.09"]
[WhiteTeam "Gambsheim"]
[BlackTeam "Cannes II"]

1. e4 c5 2. Nf3 Nc6 3. d4 cxd4 4. Nxd4 g6 5. c4 Bg7 6. Be3 Nf6 7. Nc3 d6 8. Be2
O-O 9. O-O Nxd4 10. Bxd4 Be6 11. f4 Rc8 12. b3 Qa5 13. Rc1 a6 14. g4 Bxg4 15.
Bxg4 Nxg4 16. Nd5 Bxd4+ 17. Qxd4 Qd8 18. h3 Nf6 19. Nxf6+ exf6 20. Rcd1 Rc6 21.
Rd3 Re8 22. Re1 f5 23. Ree3 fxe4 24. Rxe4 Rxe4 25. Qxe4 Qf6 26. Rd4 Rc7 27. Kg2
Re7 28. Qd3 Re6 29. a3 Qe7 30. Qf3 Re2+ 31. Kf1 Re3 32. Qg4 f5 33. Qd1 Rxh3 0-1

[Event "Interclubs Adultes"]
[Site "LYON OE"]
[Date "2008.02.09"]
[Round "6.8"]
[White "Levacic, Melissa"]
[Black "Criqui, Laurence"]
[Result "1-0"]
[WhiteElo "2009"]
[BlackElo "1680"]
[PlyCount "51"]
[EventDate "2008.02.09"]
[WhiteTeam "Cannes II"]
[BlackTeam "Gambsheim"]

1. e4 e5 2. Nf3 Nc6 3. Bb5 a6 4. Bxc6 dxc6 5. O-O Bg4 6. h3 h5 7. d3 Qf6 8. Be3
Bxf3 9. Qxf3 Qxf3 10. gxf3 O-O-O 11. Nd2 Ne7 12. Rfd1 Ng6 13. Kf1 Be7 14. Nc4
f6 15. Ke2 Rhg8 16. Rg1 Nf4+ 17. Bxf4 exf4 18. Rg6 Bc5 19. Rag1 Rd7 20. Rxf6
gxf6 21. Rxg8+ Rd8 22. Rg6 Rf8 23. c3 Be7 24. Rh6 b5 25. Nd2 h4 26. Rxh4 1-0

[Event "Interclubs Adultes"]
[Site "LYON OE"]
[Date "2008.02.09"]
[Round "6.2"]
[White "Dobrev, Nanko"]
[Black "Kurmann, Oliver"]
[Result "1-0"]
[WhiteElo "2427"]
[BlackElo "2389"]
[PlyCount "81"]
[EventDate "2008.02.09"]
[WhiteTeam "Grasse"]
[BlackTeam "Mulhouse II"]

1. d4 d5 2. Nf3 Nf6 3. c4 c6 4. Nc3 a6 5. h3 e6 6. cxd5 exd5 7. Bg5 h6 8. Bf4
Bf5 9. Qb3 Ra7 10. e3 Nbd7 11. a3 Be7 12. Be2 Ne4 13. Nxe4 Bxe4 14. O-O O-O 15.
Rfe1 Nf6 16. Rac1 Re8 17. Bh2 Bh7 18. Nd2 Ne4 19. Nxe4 Bxe4 20. Bd1 Bh4 21. Bc2
Bxc2 22. Rxc2 a5 23. Rce2 Qd7 24. e4 dxe4 25. Rxe4 Rxe4 26. Rxe4 Be7 27. Be5
Kf8 28. Qg3 f6 29. Bxf6 Bxf6 30. Qb8+ Kf7 31. Qxa7 Kg6 32. Qxa5 Bxd4 33. Qa4
Bf6 34. Qc2 Kf7 35. Qc4+ Kg6 36. Qc2 Kf7 37. a4 Qc7 38. b4 Qd7 39. b5 cxb5 40.
Qb3+ Kg6 41. axb5 1-0

[Event "Interclubs Adultes"]
[Site "LYON OE"]
[Date "2008.02.09"]
[Round "6.3"]
[White "Riff, Vincent"]
[Black "Andonov, Bogomil"]
[Result "0-1"]
[WhiteElo "2317"]
[BlackElo "2333"]
[PlyCount "88"]
[EventDate "2008.02.09"]
[WhiteTeam "Mulhouse II"]
[BlackTeam "Grasse"]

1. e4 c5 2. Nf3 Nc6 3. Bb5 g6 4. Bxc6 dxc6 5. d3 Bg7 6. O-O Nf6 7. h3 Nd7 8.
Nc3 e5 9. Be3 Qe7 10. Qd2 h6 11. a3 Nf8 12. b4 Ne6 13. Na4 Nd4 14. Nh2 b6 15.
Rab1 Bd7 16. Nb2 Rd8 17. Kh1 Be6 18. c3 Nb3 19. Qc2 b5 20. Nf3 a5 21. Nd2 a4
22. Nxb3 Bxb3 23. Qe2 cxb4 24. cxb4 f5 25. Bc5 Qe6 26. exf5 Qxf5 27. f4 Rd5 28.
fxe5 Rxe5 29. Qd2 Qg5 30. Qf2 Rf5 31. Rfe1+ Kf7 32. Qe2 Bc3 33. Nc4 bxc4 34.
Qe6+ Kg7 35. dxc4 Rhf8 36. Bxf8+ Rxf8 37. Rf1 Rxf1+ 38. Rxf1 h5 39. Rf7+ Kh6
40. Qe8 Qc1+ 41. Kh2 Bg7 42. Rf3 Qxc4 43. g4 Qd5 44. Qe3+ Qg5 0-1

[Event "Interclubs Adultes"]
[Site "LYON OE"]
[Date "2008.02.09"]
[Round "6.4"]
[White "Di Paolo, Raffaele"]
[Black "Lerch, Patrice"]
[Result "1/2-1/2"]
[WhiteElo "2363"]
[BlackElo "2300"]
[PlyCount "145"]
[EventDate "2008.02.09"]
[WhiteTeam "Grasse"]
[BlackTeam "Mulhouse II"]

1. e4 c5 2. Nf3 Nc6 3. d4 cxd4 4. Nxd4 g6 5. Nc3 Bg7 6. Be3 Nf6 7. Nb3 O-O 8.
Be2 d6 9. O-O Be6 10. f4 Qc8 11. Bf3 Ng4 12. Bxg4 Bxg4 13. Qd2 Be6 14. Rf3 d5
15. Nxd5 Rd8 16. c4 Bg4 17. Na5 Kh8 18. Rg3 a6 19. Nxc6 bxc6 20. Nxe7 Qb7 21.
Qf2 Bh5 22. Bc5 Bf6 23. Rb3 Qc7 24. h3 Bd1 25. Re3 Rab8 26. e5 Bxe7 27. Bxe7
Qxe7 28. Re1 Ba4 29. b3 Rb4 30. Rec1 c5 31. bxa4 Rd4 32. Rab1 Rdxc4 33. Rxc4
Rxc4 34. a5 Ra4 35. Rb5 Kg7 36. g3 Qd7 37. Rxc5 Qd1+ 38. Kh2 Qb1 39. Rc2 Rxa5
40. Rd2 Ra4 41. Rb2 Qc1 42. h4 Rc4 43. Re2 a5 44. Re1 Qa3 45. Re2 a4 46. Rc2
Rxc2 47. Qxc2 Qb4 48. Kg2 a3 49. Kf3 Qb2 50. Qc4 Kh6 51. Qc5 Kh5 52. Qc4 Qh2
53. Qb3 Qh1+ 54. Kf2 Kg4 55. Qxa3 Qd5 56. Qb3 Qd2+ 57. Kf1 Kh3 58. a4 h5 59.
Qf3 Qc1+ 60. Kf2 Qb2+ 61. Qe2 Qd4+ 62. Kf3 Qg1 63. Qf2 Qd1+ 64. Qe2 Qh1+ 65.
Kf2 Qg2+ 66. Ke3 Qd5 67. Qf3 Qc5+ 68. Ke4 Qc4+ 69. Ke3 Qxa4 70. g4+ Kxh4 71.
Qh1+ Kxg4 72. Qg2+ Kh4 73. Qh2+ 1/2-1/2

[Event "Interclubs Adultes"]
[Site "LYON OE"]
[Date "2008.02.09"]
[Round "6.5"]
[White "Fargere, Francois"]
[Black "Abravanel, Chely"]
[Result "1/2-1/2"]
[WhiteElo "2324"]
[BlackElo "2329"]
[PlyCount "22"]
[EventDate "2008.02.09"]
[WhiteTeam "Mulhouse II"]
[BlackTeam "Grasse"]

1. Nf3 d5 2. g3 c5 3. Bg2 Nc6 4. O-O e5 5. d3 Nf6 6. Nbd2 Be7 7. e4 dxe4 8.
dxe4 O-O 9. c3 Be6 10. Qe2 Qa5 11. a4 Rad8 1/2-1/2

[Event "Interclubs Adultes"]
[Site "LYON OE"]
[Date "2008.02.09"]
[Round "6.6"]
[White "Garbarino, Xavier"]
[Black "Fischer, Marc"]
[Result "0-1"]
[WhiteElo "2260"]
[BlackElo "2212"]
[PlyCount "76"]
[EventDate "2008.02.09"]
[WhiteTeam "Grasse"]
[BlackTeam "Mulhouse II"]

1. d4 f5 2. Nc3 Nf6 3. Bg5 d5 4. f3 Nbd7 5. Qd3 g6 6. e4 h6 7. Be3 Nb6 8. e5
Nh5 9. Nge2 Be6 10. g4 Ng7 11. Nf4 Bf7 12. e6 Nxe6 13. gxf5 gxf5 14. Qxf5 Ng7
15. Qd3 e5 16. Nfe2 exd4 17. Bxd4 Qh4+ 18. Ng3 Qe7+ 19. Qe2 Qxe2+ 20. Bxe2
O-O-O 21. O-O-O c5 22. Bf6 Re8 23. Nf5 Nxf5 24. Bxh8 Be7 25. Bd3 Ne3 26. Be5
Nxd1 27. Kxd1 Bg5 28. f4 Bh5+ 29. Be2 Bxe2+ 30. Nxe2 Bd8 31. Nc3 Nc4 32. Nxd5
Kd7 33. Re1 Bh4 34. Re2 Kc6 35. Nf6 Rd8+ 36. Kc1 Nxe5 37. Ne4 Nc4 38. b3 Nd6
0-1

[Event "Interclubs Adultes"]
[Site "LYON OE"]
[Date "2008.02.09"]
[Round "6.7"]
[White "Deschler, Fabrice"]
[Black "Forestier, Flavien"]
[Result "1/2-1/2"]
[WhiteElo "2180"]
[BlackElo "2175"]
[PlyCount "122"]
[EventDate "2008.02.09"]
[WhiteTeam "Mulhouse II"]
[BlackTeam "Grasse"]

1. d4 Nf6 2. c4 c5 3. d5 b5 4. cxb5 a6 5. b6 Qxb6 6. Nc3 g6 7. Nf3 d6 8. e4
Nbd7 9. Be2 Bg7 10. Nd2 O-O 11. Nc4 Qc7 12. Bf4 Rb8 13. O-O Ne8 14. Qd2 Ne5 15.
Rac1 Nxc4 16. Bxc4 Qb6 17. b3 Bd7 18. Bh6 Bb5 19. Bxg7 Kxg7 20. Qe2 Bxc4 21.
Qxc4 Nf6 22. Rfe1 Nd7 23. Na4 Qa5 24. Qc3+ Qxc3 25. Rxc3 Rb4 26. Nb2 Rd4 27.
Nc4 f6 28. f3 Ne5 29. Nxe5 fxe5 30. Rec1 Rb8 31. Kf1 a5 32. Rc4 Kf6 33. Ke2 a4
34. R4c3 Rdb4 35. bxa4 Rxa4 36. R1c2 Rba8 37. a3 Rxa3 38. Rxa3 Rxa3 39. Rb2 Ra1
40. Kf2 Rc1 41. Rb8 Rc2+ 42. Kg3 c4 43. h4 h5 44. Rf8+ Kg7 45. Rc8 c3 46. Kh2
Rc1 47. g3 c2 48. Kg2 Kf7 49. Kh2 Rf1 50. Rxc2 Rxf3 51. Re2 e6 52. Kg2 Rd3 53.
dxe6+ Kxe6 54. Ra2 Rd4 55. Kf3 Rd3+ 56. Kf2 Rc3 57. Ra8 Rc7 58. Rg8 Rf7+ 59.
Ke3 Rf6 60. Re8+ Kd7 61. Rg8 Ke6 1/2-1/2

[Event "Interclubs Adultes"]
[Site "LYON OE"]
[Date "2008.02.09"]
[Round "6.8"]
[White "Forestier, Carole"]
[Black "Richard, Emma"]
[Result "1/2-1/2"]
[WhiteElo "1999"]
[BlackElo "1955"]
[PlyCount "45"]
[EventDate "2008.02.09"]
[WhiteTeam "Grasse"]
[BlackTeam "Mulhouse II"]

1. d4 Nf6 2. Nf3 e6 3. Bf4 d5 4. e3 Bd6 5. Bxd6 Qxd6 6. c3 O-O 7. Bd3 b6 8. O-O
Ba6 9. Ne5 Bxd3 10. Qxd3 Nbd7 11. Nxd7 Nxd7 12. Nd2 c5 13. e4 cxd4 14. Qxd4 Qc5
15. exd5 Qxd4 16. cxd4 exd5 17. Rac1 Rac8 18. Rfe1 Nf6 19. Kf1 Rfd8 20. Nb3 Kf8
21. Rxc8 Rxc8 22. Rc1 Rxc1+ 23. Nxc1 1/2-1/2

[Event "Interclubs Adultes"]
[Site "LYON OE"]
[Date "2008.02.10"]
[Round "7.1"]
[White "Charnushevich, Aliaksei"]
[Black "Bouchet, Nicolas"]
[Result "1/2-1/2"]
[WhiteElo "2537"]
[BlackElo "2318"]
[PlyCount "49"]
[EventDate "2008.02.10"]
[WhiteTeam "Besançon T.P.G."]
[BlackTeam "Creteil"]

1. d4 d5 2. c4 c6 3. Nf3 Nf6 4. e3 a6 5. Bd3 g6 6. Qc2 Bg7 7. O-O O-O 8. Nbd2
Nbd7 9. a3 e5 10. cxd5 cxd5 11. Nxe5 Nxe5 12. dxe5 Ng4 13. Nf3 Nxe5 14. Nd4 Qb6
15. Bd2 Nxd3 16. Qxd3 Bxd4 17. Qxd4 Qxd4 18. exd4 Bd7 19. Rfe1 Rfe8 20. Re5
Rxe5 21. dxe5 Rc8 22. Bc3 Ba4 23. Re1 b5 24. f3 Rc4 25. Rc1 1/2-1/2

[Event "Interclubs Adultes"]
[Site "LYON OE"]
[Date "2008.02.10"]
[Round "7.2"]
[White "Brih, Said"]
[Black "Sermier, Guillaume"]
[Result "1/2-1/2"]
[WhiteElo "2212"]
[BlackElo "2366"]
[PlyCount "85"]
[EventDate "2008.02.10"]
[WhiteTeam "Creteil"]
[BlackTeam "Besançon T.P.G."]

1. d4 d5 2. Nf3 Bf5 3. c4 e6 4. Nc3 c6 5. e3 Nd7 6. Be2 h6 7. O-O Ngf6 8. Qb3
Qb6 9. c5 Qc7 10. Nh4 Bh7 11. f4 Be7 12. Nf3 b6 13. cxb6 axb6 14. Bd2 O-O 15.
Ne5 Ne4 16. Nxe4 Bxe4 17. Nxd7 Qxd7 18. Rfc1 c5 19. Bb5 Qd6 20. a4 Rfc8 21. Qd1
Bf6 22. Bc3 cxd4 23. Bxd4 e5 24. fxe5 Bxe5 25. Bxe5 Qxe5 26. Qd4 Qg5 27. Bf1
Qg6 28. Rc3 Rxc3 29. Qxc3 Rd8 30. a5 bxa5 31. Rxa5 Rd6 32. Ra6 Rxa6 33. Qc8+
Kh7 34. Qxa6 Qxa6 35. Bxa6 Kg6 36. Be2 Kf5 37. Bh5 Ke6 38. Kf2 g6 39. Bf3 Bd3
40. Ke1 Ke5 41. Kd2 Bf1 42. Kc3 f5 43. g3 1/2-1/2

[Event "Interclubs Adultes"]
[Site "LYON OE"]
[Date "2008.02.10"]
[Round "7.3"]
[White "Claverie, Christophe"]
[Black "Romieux, Sebastien"]
[Result "1-0"]
[WhiteElo "2324"]
[BlackElo "2248"]
[PlyCount "63"]
[EventDate "2008.02.10"]
[WhiteTeam "Besançon T.P.G."]
[BlackTeam "Creteil"]

1. e4 c5 2. Nf3 Nc6 3. Bb5 d6 4. O-O Bd7 5. c3 Nf6 6. Re1 a6 7. Bxc6 Bxc6 8. d4
Bxe4 9. Bg5 Bd5 10. Nbd2 c4 11. b3 Qc7 12. bxc4 Bxc4 13. Nxc4 Qxc4 14. Nd2 Qd3
15. Bxf6 gxf6 16. Re3 Qf5 17. Nc4 e6 18. Nb6 Rd8 19. d5 Bh6 20. Qa4+ Ke7 21.
Rf3 Qe5 22. Qc4 Ke8 23. Rh3 Qf4 24. Qc7 e5 25. Rf3 Qh4 26. Qxb7 Rg8 27. Qc6+
Ke7 28. Qc7+ Ke8 29. Nc8 f5 30. Rh3 Rxg2+ 31. Kxg2 Qe4+ 32. Kg1 1-0

[Event "Interclubs Adultes"]
[Site "LYON OE"]
[Date "2008.02.10"]
[Round "7.4"]
[White "Larrat, Philippe"]
[Black "Crut, Aurelien"]
[Result "0-1"]
[WhiteElo "2191"]
[BlackElo "2314"]
[PlyCount "123"]
[EventDate "2008.02.10"]
[WhiteTeam "Creteil"]
[BlackTeam "Besançon T.P.G."]

1. e4 e6 2. d4 d5 3. Nc3 Bb4 4. exd5 exd5 5. Bd3 Nc6 6. a3 Bxc3+ 7. bxc3 Nge7
8. Qf3 Be6 9. Rb1 b6 10. Ne2 Qd7 11. h3 Bf5 12. Ng3 Bxd3 13. cxd3 Qe6+ 14. Qe3
Qg6 15. O-O O-O-O 16. Qf3 h5 17. Re1 h4 18. Nf1 Qf5 19. Qd1 Kb7 20. Ne3 Qg6 21.
a4 Rhe8 22. Re2 Rd6 23. Ba3 Re6 24. Bxe7 Nxe7 25. Qd2 Nf5 26. Rbe1 Qg5 27. a5
f6 28. axb6 axb6 29. Kh1 g6 30. Qa2 Nxe3 31. Rxe3 Rxe3 32. fxe3 Ra8 33. Qf2 Qg3
34. Qxg3 hxg3 35. e4 Kc6 36. Kg1 f5 37. exf5 gxf5 38. Rf1 Rf8 39. Rf4 Kd6 40.
Kf1 Ke6 41. Rh4 Ra8 42. Rh6+ Ke7 43. Rh7+ Kf6 44. Rxc7 Ra2 45. Rc6+ Kg5 46.
Rxb6 Rf2+ 47. Kg1 Rc2 48. Kf1 Kf4 49. Rh6 Rxc3 50. Ke2 Rc2+ 51. Kf1 Ke3 52.
Re6+ Kxd3 53. h4 Kxd4 54. h5 Rf2+ 55. Kg1 Rf4 56. Ra6 Ke5 57. h6 Rh4 58. Kf1
Rh2 59. Rb6 Ke4 60. Re6+ Kd3 61. Kg1 d4 62. Rg6 0-1

[Event "Interclubs Adultes"]
[Site "LYON OE"]
[Date "2008.02.10"]
[Round "7.5"]
[White "Burnier, David"]
[Black "L'Huillier, Thibaud"]
[Result "1-0"]
[WhiteElo "2304"]
[BlackElo "2148"]
[PlyCount "79"]
[EventDate "2008.02.10"]
[WhiteTeam "Besançon T.P.G."]
[BlackTeam "Creteil"]

1. d4 d5 2. c4 e6 3. Nc3 Nf6 4. Nf3 c6 5. Bg5 Nbd7 6. e3 Qa5 7. cxd5 Nxd5 8.
Qd2 Bb4 9. Rc1 O-O 10. Bd3 f5 11. O-O Nxc3 12. bxc3 Ba3 13. Rc2 e5 14. Bh4 e4
15. Bc4+ Kh8 16. Ng5 Nb6 17. Bb3 Nd5 18. Qe2 g6 19. c4 Nb4 20. Bg3 h6 21. Be5+
Kg8 22. c5+ Nd5 23. Nh3 Kh7 24. Bd6 Rf6 25. Bxd5 cxd5 26. Nf4 Rxd6 27. cxd6
Bxd6 28. Qe1 Qd8 29. Nxd5 Bb8 30. Qc1 Qd6 31. g3 Bd7 32. Nc7 Bxc7 33. Rxc7 Kh8
34. Qc5 Qxc5 35. Rxc5 Be6 36. a3 Rd8 37. Rfc1 Bd5 38. Rc8 Rxc8 39. Rxc8+ Kg7
40. Rc5 1-0

[Event "Interclubs Adultes"]
[Site "LYON OE"]
[Date "2008.02.10"]
[Round "7.6"]
[White "Li, Frederic"]
[Black "Sermier, Alain"]
[Result "1-0"]
[WhiteElo "2107"]
[BlackElo "2081"]
[PlyCount "89"]
[EventDate "2008.02.10"]
[WhiteTeam "Creteil"]
[BlackTeam "Besançon T.P.G."]

1. Nf3 d5 2. g3 Nf6 3. Bg2 Bg4 4. d4 c6 5. O-O e6 6. Ne5 Bh5 7. c4 Nbd7 8. Nxd7
Qxd7 9. c5 Be7 10. Nc3 O-O 11. b4 b6 12. a3 Qb7 13. Rb1 b5 14. a4 a6 15. f3
Rfd8 16. Bg5 Rd7 17. Ra1 Rad8 18. Bxf6 Bxf6 19. g4 Bg6 20. f4 Be4 21. Bxe4 dxe4
22. e3 Be7 23. Nxe4 f5 24. Nf2 g6 25. Qb3 Rd5 26. Nd1 Kf7 27. Nc3 R5d7 28. axb5
axb5 29. Qd1 Bf6 30. g5 Bg7 31. Ra5 h6 32. Qf3 hxg5 33. fxg5 Ra8 34. Rfa1 Rxa5
35. Rxa5 Qc8 36. Ne4 Bf8 37. Nf6 Rc7 38. Qf4 Bg7 39. Ne4 e5 40. Nd6+ Ke6 41.
Qf2 Qf8 42. Qa2+ Kd7 43. Ra8 Qe7 44. Nf7 Rc8 45. Ra7+ 1-0